Zen and the art of evaluation (Record no. 79499)

MARC details
000 -CABECERA
campo de control de longitud fija 00554nam a2200205 a 4500
005 - FECHA Y HORA DE LA ÚLTIMA TRANSACCIÓN
campo de control 20210219153535.0
008 - ELEMENTOS DE LONGITUD FIJA--INFORMACIÓN GENERAL
campo de control de longitud fija 991125n 000 0 u
035 ## - NÚMERO DE CONTROL DEL SISTEMA
Número de control de sistema UPN01000105528
100 ## - ASIENTO PRINCIPAL--NOMBRE PERSONAL
Nombre de persona Marshall, Gail
222 #0 - TÍTULO CLAVE
Título clave COMPUTING TEACHER
245 #0 - MENCIÓN DE TÍTULO
Título Zen and the art of evaluation
300 ## - DESCRIPCIÓN FÍSICA
Extensión 48-49
362 ## - FECHAS DE PUBLICACIÓN Y/O DESIGNACIÓN SECUENCIAL
Fecha de publicación y/o designación secuencial 20, No. 8, 1993
505 ## - NOTA DE CONTENIDO CON FORMATO PREESTABLECIDO
Nota de contenido con formato Octubre 1993
653 0# - TERMINO DE INDIZACION - NO CONTROLADO
Término no controlado DISEÑO ASISTIDO POR ORDENADOR
653 0# - TERMINO DE INDIZACION - NO CONTROLADO
Término no controlado METODOS DE EVALUACION
653 0# - TERMINO DE INDIZACION - NO CONTROLADO
Término no controlado PROGRAMAS ORIENTADOS PARA COMPUTADORAS
904 ## - ELEMENTOS DE DATOS D LOCAL, LDD (RLIN)
a AC
b 043339
905 ## - TIPO DE MATERIAL
Tipo de material Articulo

No items available.